| 000 | 01820nam a2200241Ia 4500 | ||
|---|---|---|---|
| 005 | 20250605151033.0 | ||
| 008 | 008 250516s9999 xx 000 0 eng d | ||
| 020 | _a9781032510279 | ||
| 040 |
_aSDCL _beng _cSDCL |
||
| 041 |
_aeng _2eng |
||
| 084 |
_aX8194.2'P R4 _qSDCL |
||
| 100 | _aPurohit, Brijesh C. | ||
| 245 | 0 | _aEconomics of public and private healthcare and health insurance in India | |
| 250 | _a2nd ed. | ||
| 260 |
_aLondon : _bRoutledge, _c2024. |
||
| 300 | _axiii, 201p. | ||
| 365 |
_aINR _b1295 |
||
| 520 | _aThis book critically examines the public and private healthcare systems in India. Analysing the current scenario of health insurance in India, it studies the inadequacy of public healthcare services and unaffordability of private health care facilities. The volume investigates government sponsored health insurance schemes and advocates for the need of universal health insurance coverage. It details India’s per capita health expenditure and provides policy inputs on how healthcare systems and insurance coverage can be improved in the country. Further, it explores the financial parameters of health insurers and standalone private health insurance companies, and also discusses the adverse impact of the Covid-19 pandemic on Indian healthcare. An insightful read on the state of healthcare in India, this book will be of interest to researchers and academics working in the fields of insurance, healthcare administration and management, public health policy and practice, health and social care, medical sociology, and sociology & social policy. It will also be useful for think tanks and policy makers. | ||
| 650 |
_aHealth insurance -- India _9811940 |
||
| 650 |
_aMedical care -- India _9811941 |
||
| 650 |
_aMedical economics -- India _9811942 |
||
| 942 |
_cTEXL _2CC _n0 |
||
| 999 |
_c1429776 _d1429776 |
||